000 00439nam a2200157 i 4500
001 26785
003 ES-MaACL
005 20230906153512.0
007 t|
008 030110s1959 sp ||||1| spa d
100 1 _aArregui y Sabarte, Pedro de.
_923257
245 1 0 _aSentido comĂșn /
_cPedro de Arregui y Sabarte.
260 _aBilbao :
_b[s.n.,
_c1959] (
_fGrijelmo)
300 _a200 p. ;
_c22 cm.
852 _aES-MaACL
_jC-16618
_bR.45033
999 _c26785
_d26785